|
|
|
|
| LEADER |
00751pam a22002178a 4500 |
| 001 |
00019393 |
| 005 |
20171026081022.0 |
| 008 |
110506s1981 ||||||Viesd |
| 041 |
0 |
# |
|a Vie
|
| 082 |
1 |
4 |
|a 895.922 803 34
|b Q502Đ
|
| 100 |
0 |
# |
|a Hùng Phong
|
| 245 |
0 |
0 |
|a Quân đoàn cánh bắc
|b Hồi ký
|c Hùng Phong
|
| 260 |
# |
# |
|a H.
|b Quân đội nhân dân
|c 1981
|
| 300 |
# |
# |
|a 139 tr.
|c 19 cm.
|
| 653 |
# |
# |
|a Hồi ký
|
| 653 |
# |
# |
|a văn học hiện đại
|
| 852 |
# |
# |
|b Kho mượn
|j KM.0007256, KM.0007257, KM.0009235
|
| 852 |
# |
# |
|j KD.0004781
|b Kho đọc
|
| 852 |
# |
# |
|j KD.0004781
|j KM.0007257
|j KM.0009235
|j KM.0007256
|
| 910 |
|
|
|d 06/05/2011
|
| 980 |
# |
# |
|a Trung tâm Học liệu Lê Vũ Hùng, Trường Đại học Đồng Tháp
|